[Event "Titled Tuesday intern op 12th Mar Late"]
[Site "Chess.com INT"]
[Date "2024.03.12"]
[Round "7"]
[White "Carrasco Miranda, Andres"]
[Black "Korol, Dimitry"]
[Result "0-1"]
[WhiteElo "2247"]
[BlackElo "2287"]
[PlyCount "66"]
[EventDate "2024.03.12"]
[EventType "swiss (blitz)"]
[EventRounds "11"]
[EventCountry "USA"]
[SourceTitle "CB12_2024"]
[SourceDate "2023.10.01"]
[SourceVersion "1"]
[SourceVersionDate "2023.10.01"]
[SourceQuality "1"]

1. c4 c5 2. g3 g6 3. Bg2 Bg7 4. Nc3 Nc6 5. Nf3 Nh6 6. d4 cxd4 7. Bxh6 Bxh6 8. Nxd4 Bg7 9. Nc2 Qa5 10. 0-0 Bxc3 11. bxc3 Qxc3 12. Ne3 0-0 13. Rc1 Qa5 14. h4 d6 15. Nd5 Qxa2 16. h5 Bd7 17. Rc2 Qa5 18. Qc1 Rac8 19. Qg5 Rfe8 20. Rb1 b6 21. Be4 Qc5 22. hxg6 hxg6 23. Bxg6 fxg6 24. Qxg6+ Kf8 25. Rb5 Qd4 26. Rc3 Ne5 27. Qh6+ Kg8 28. Qg5+ Kf7 29. Qh5+ Kg7 30. Qg5+ Ng6 31. Nf4 Qxc3 32. Qxg6+ Kf8 33. Rh5 Rxc4 0-1

[Event "Titled Tuesday intern op 12th Mar Late"]
[Site "Chess.com INT"]
[Date "2024.03.12"]
[Round "8"]
[White "Ezat, Mohamed Mahmoud"]
[Black "Carrasco Miranda, Andres"]
[Result "1/2-1/2"]
[WhiteElo "2349"]
[BlackElo "2247"]
[PlyCount "125"]
[EventDate "2024.03.12"]
[EventType "swiss (blitz)"]
[EventRounds "11"]
[EventCountry "USA"]
[SourceTitle "CB12_2024"]
[SourceDate "2023.10.01"]
[SourceVersion "1"]
[SourceVersionDate "2023.10.01"]
[SourceQuality "1"]

1. d3 g6 2. g3 Bg7 3. Bg2 Nf6 4. Nf3 0-0 5. 0-0 c5 6. Nbd2 Nc6 7. e4 d6 8. Re1 e5 9. c3 Rb8 10. a4 h6 11. Nc4 Be6 12. Ne3 a6 13. d4 cxd4 14. cxd4 exd4 15. Nxd4 Nxd4 16. Qxd4 Ng4 17. Qd3 Ne5 18. Qd1 Qb6 19. a5 Qc5 20. h3 Rfd8 21. Ra3 Nc4 22. Nxc4 Bxc4 23. Be3 Qb4 24. Bd4 d5 25. Bxg7 Kxg7 26. Ra4 Qxb2 27. exd5 Bb3 28. Rb4 Bxd1 29. Rxb2 Ba4 30. Re7 Bb5 31. Rc2 Re8 32. Rcc7 Rxe7 33. Rxe7 Kf6 34. d6 Rd8 35. Rxb7 Rxd6 36. Rb6 Ke7 37. Rb7+ Rd7 38. Rb6 Rd6 39. f4 g5 40. fxg5 hxg5 41. h4 Rd1+ 42. Kf2 Rd2+ 43. Kg1 gxh4 44. gxh4 Rd4 45. h5 Rh4 46. h6 f6 47. h7 Rxh7 48. Rxb5 axb5 49. a6 Kd6 50. Bb7 Kc7 51. Be4 Re7 52. a7 Re8 53. a8Q Rxa8 54. Bxa8 Kd6 55. Be4 Ke5 56. Bb1 Kf4 57. Kf2 b4 58. Bc2 Kg4 59. Ke3 f5 60. Bxf5+ Kxf5 61. Kd4 Kf4 62. Kc4 Kf3 63. Kxb4 1/2-1/2

[Event "Titled Tuesday intern op 06th Feb Early"]
[Site "Chess.com INT"]
[Date "2024.02.06"]
[Round "11"]
[White "Mgeladze, Kesaria"]
[Black "Carrasco Miranda, Andres"]
[Result "1-0"]
[WhiteElo "2040"]
[BlackElo "2234"]
[PlyCount "103"]
[EventDate "2024.02.06"]
[EventType "swiss (blitz)"]
[EventRounds "11"]
[EventCountry "USA"]
[SourceTitle "CB07_2024"]
[SourceDate "2024.02.14"]
[SourceVersion "1"]
[SourceVersionDate "2024.02.14"]
[SourceQuality "1"]

1. d4 Nf6 2. Nc3 d5 3. Bf4 g6 4. Qd2 c6 5. 0-0-0 b5 6. e3 Nbd7 7. f3 Qa5 8. Kb1 Nb6 9. Nxd5 Qxd2 10. Nxf6+ exf6 11. Rxd2 Nd5 12. Bg3 f5 13. e4 fxe4 14. fxe4 Nf6 15. Bd3 Bh6 16. Rf2 Ng4 17. Re2 0-0 18. h3 Ne3 19. Nf3 Be6 20. b3 f5 21. Rhe1 f4 22. Bf2 Nxg2 23. Rg1 Ne3 24. Ne5 Rac8 25. h4 f3 26. Rxe3 Bxe3 27. Bxe3 f2 28. Rf1 Bh3 29. Rxf2 Rxf2 30. Bxf2 Kg7 31. Bg3 Kf6 32. d5 cxd5 33. exd5 Bf5 34. Bxf5 Kxf5 35. Nc6 Kg4 36. Bf2 Kf3 37. Bxa7 h6 38. c4 bxc4 39. bxc4 g5 40. hxg5 hxg5 41. Ne5+ Ke4 42. Nf7 g4 43. d6 g3 44. d7 Ra8 45. d8Q Rxd8 46. Nxd8 Kd3 47. c5 g2 48. c6 Kc4 49. c7 Kb5 50. c8Q Ka4 51. Qc4+ Ka5 52. Nb7# 1-0

[Event "Titled Tuesday intern op 23rd Jan Late"]
[Site "Chess.com INT"]
[Date "2024.01.23"]
[Round "3"]
[White "Carrasco Miranda, Andres"]
[Black "Sivakumar, Shaaketh"]
[Result "0-1"]
[WhiteElo "2234"]
[BlackElo "2364"]
[PlyCount "60"]
[EventDate "2024.01.23"]
[EventType "swiss (blitz)"]
[EventRounds "11"]
[EventCountry "USA"]
[SourceTitle "CB05_2024"]
[SourceDate "2024.01.31"]
[SourceVersion "1"]
[SourceVersionDate "2024.01.31"]
[SourceQuality "1"]

1. c4 e6 2. g3 f5 3. Bg2 Nf6 4. Nf3 b6 5. 0-0 Bb7 6. d4 g6 7. d5 Bg7 8. Nc3 0-0 9. Ng5 h6 10. Nh3 g5 11. e4 fxe4 12. Nxe4 Na6 13. Be3 Nxe4 14. Bxe4 Qf6 15. Rb1 Nc5 16. Bg2 Rae8 17. b4 Na6 18. a3 Kh8 19. Qh5 exd5 20. Bxg5 Qf7 21. Qxf7 Rxf7 22. Bf4 c6 23. cxd5 cxd5 24. Rbd1 Rf5 25. Rd3 Bc6 26. Rfd1 d4 27. Bc1 Bb5 28. R3d2 Rfe5 29. Bf1 Re1 30. Kg2 Bxf1+ 0-1